Normal view
MARC view
- Landscape architecture
Entry Topical Term
001 - CONTROL NUMBER
- control field: 121114
003 - CONTROL NUMBER IDENTIFIER
- control field: NUST
005 - DATE AND TIME OF LATEST TRANSACTION
- control field: 20240222151846.0
008 - FIXED-LENGTH DATA ELEMENTS
- fixed length control field: 240222|| aca||aabn | a|a d
040 ## - CATALOGING SOURCE
- Original cataloging agency: NUST
- Transcribing agency: NUST
150 ## - HEADING--TOPICAL TERM
- Topical term or geographic name entry element: Landscape architecture
- General subdivision: History
670 ## - SOURCE DATA FOUND
- Source citation: Work cat.: (NUST): Rogers, Elizabeth Barlow, 1936- 121113, Landscape design :, 2001.
